Physics for Engineers and Scientists (Record no. 5427)

MARC details
000 -LEADER
fixed length control field 00628nam a22002297a 4500
003 - CONTROL NUMBER IDENTIFIER
control field OSt
005 - DATE AND TIME OF LATEST TRANSACTION
control field 20161202193149.0
008 - FIXED-LENGTH DATA ELEMENTS--GENERAL INFORMATION
fixed length control field 161202b xxu||||| |||| 00| 0 eng d
020 ## - INTERNATIONAL STANDARD BOOK NUMBER
International Standard Book Number 9780393926316
020 ## - INTERNATIONAL STANDARD BOOK NUMBER
International Standard Book Number 0393926311
040 ## - CATALOGING SOURCE
Transcribing agency DDC
082 ## - DEWEY DECIMAL CLASSIFICATION NUMBER
Classification number 530 OHA 2007
100 ## - MAIN ENTRY--PERSONAL NAME
Personal name Ohanian, Hans C.; John, T. Markert
9 (RLIN) 11341
245 ## - TITLE STATEMENT
Title Physics for Engineers and Scientists
250 ## - EDITION STATEMENT
Edition statement 3rd ed.
260 ## - PUBLICATION, DISTRIBUTION, ETC. (IMPRINT)
Place of publication, distribution, etc. New York; W.W. Norton, 2007
300 ## - PHYSICAL DESCRIPTION
Extent li,1430p; col.ill: 28cm
504 ## - BIBLIOGRAPHY, ETC. NOTE
Bibliography, etc Appendices, answers, photos, & index included
650 ## - SUBJECT ADDED ENTRY--TOPICAL TERM
Topical term or geographic name as entry element Physics
9 (RLIN) 809
650 ## - SUBJECT ADDED ENTRY--TOPICAL TERM
Topical term or geographic name as entry element Engineering
9 (RLIN) 373
942 ## - ADDED ENTRY ELEMENTS (KOHA)
Source of classification or shelving scheme Other/Generic Classification Scheme
Koha item type Open Shelf
Holdings
Withdrawn status Lost status Source of classification or shelving scheme Damaged status Not for loan Home library Current library Date acquired Source of acquisition Inventory number Total Checkouts Full call number Barcode Date last seen Date last checked out Koha item type
    Dewey Decimal Classification     MUST Main Library MUST Main Library 02/12/2016   08/30292 1 530 OHA 2007 2016-4993 03/03/2020 27/09/2019 Open Shelf
    Dewey Decimal Classification     MUST Main Library MUST Main Library 12/04/2017 Purchase 08/30293 1 530 OHA 2007 2017-0805 10/04/2021 27/03/2021 Open Shelf